[Event "Madrid Chamartin op 8th"]
[Site "Madrid"]
[Date "2019.09.10"]
[Round "3"]
[White "Diaz Gimenez, Julio"]
[Black "Quiros Benito Garcia Guijarro, Sergio"]
[Result "1-0"]
[WhiteElo "1627"]
[BlackElo "1386"]
[PlyCount "119"]
[EventDate "2019.09.09"]
[EventType "swiss"]
[EventRounds "9"]
[EventCountry "ESP"]
[SourceTitle "CBM 192 Extra"]
[Source "Chessbase"]
[SourceDate "2019.11.06"]
[SourceVersion "1"]
[SourceVersionDate "2019.11.06"]
[SourceQuality "1"]

1. e4 d5 2. exd5 Qxd5 3. Nc3 Qa5 4. d4 c6 5. Bd2 Qc7 6. h3 Bf5 7. Nf3 h6 8. Bc4 e6 9. Bb3 Nf6 10. g4 Bh7 11. Qe2 Bd6 12. g5 hxg5 13. Nxg5 Bf5 14. 0-0-0 Nbd7 15. d5 Nxd5 16. Kb1 Be7 17. Nxd5 cxd5 18. Rhe1 a5 19. a4 Qb6 20. Bxd5 Bf6 21. Bc1 Rc8 22. Be4 Bxg5 23. Bxg5 Bxe4 24. Qxe4 Qc6 25. Qd3 Nf6 26. c3 Rh5 27. h4 Qc7 28. Qf3 Qc6 29. Qd3 Qc7 30. Qb5+ Kf8 31. Qe2 Rh8 32. Qf3 Nd5 33. Rxd5 exd5 34. Re7 Qxe7 35. Bxe7+ Kxe7 36. Qxd5 f6 37. Qxb7+ Ke6 38. Qxg7 Rcg8 39. Qc7 Ra8 40. Qc6+ Ke5 41. f4+ Kf5 42. h5 Rhc8 43. Qf3 Rh8 44. Kc2 Rhd8 45. Qc6 Rdc8 46. Qf3 Rd8 47. b3 Rdb8 48. c4 Rd8 49. Kc3 Rac8 50. h6 Ke6 51. f5+ Ke5 52. Qf2 Ra8 53. c5 Rac8 54. Kc4 Rb8 55. Qe3+ Kxf5 56. c6 Re8 57. Qh3+ Kg6 58. Kc5 f5 59. c7 Rbc8 60. Kd6 1-0